书目信息 |
| 题名: |
微波技术与天线
|
|
| 作者: | 傅文斌 主编 | |
| 分册: | ||
| 出版信息: | 北京 机械工业出版社 2017.1 |
|
| 页数: | 306页 | |
| 开本: | 26cm | |
| 丛书名: | ||
| 单 册: | ||
| 中图分类: | TN015 , TN822 | |
| 科图分类: | ||
| 主题词: | 微波技术--高等教育--教材 , 微波天线--高等教育--教材 , 微波技术 , 微波天线 | |
| 电子资源: | ||
| ISBN: | 978-7-111-43459-7 | |
| 000 | 01011nam0 2200301 450 | |
| 001 | 0400002029 | |
| 005 | 20171026083132.12 | |
| 010 | @a978-7-111-43459-7@dCNY38.00 | |
| 100 | @a20140429d2017 em y0chiy50 ea | |
| 101 | 0 | @achi |
| 102 | @aCN@b110000 | |
| 105 | @aa z 000yy | |
| 106 | @ar | |
| 200 | 1 | @a微波技术与天线@9wei bo ji shu yu tian xian@f傅文斌主编 |
| 205 | @a第2版 | |
| 210 | @a北京@c机械工业出版社@d2017.1 | |
| 215 | @a306页@c图@d26cm | |
| 300 | @a普通高等教育“十一五”国家级规划教材 国家精品课程教材 普通高等教育“十二五”电子信息类规划教材 | |
| 330 | @a本书共分8章,包括电磁场理论基础、微波传输线、规则波导和空腔谐振器、无源微波器件、电磁辐射理论基础、微波传输线、面天线及几个专题简介。 | |
| 606 | 0 | @a微波技术@x高等教育@j教材 |
| 606 | 0 | @a微波天线@x高等教育@j教材 |
| 606 | 0 | @a微波技术 |
| 606 | 0 | @a微波天线 |
| 690 | @aTN015@v5 | |
| 690 | @aTN822@v5 | |
| 701 | 0 | @a傅文斌@9fu wen bin@f(1945~)@4主编 |
| 801 | 0 | @aCN@bNLC@c20171019 |
| 905 | @b1031305-9@dTN015@f5@e141=2 | |
| 微波技术与天线/傅文斌主编.-第2版.-北京:机械工业出版社,2017.1 |
| 306页:图;26cm |
| 普通高等教育“十一五”国家级规划教材 国家精品课程教材 普通高等教育“十二五”电子信息类规划教材 |
| ISBN 978-7-111-43459-7:CNY38.00 |
| 本书共分8章,包括电磁场理论基础、微波传输线、规则波导和空腔谐振器、无源微波器件、电磁辐射理论基础、微波传输线、面天线及几个专题简介。 |
| ● |
| 相关链接 |
|
|
|
|
正题名:微波技术与天线
索取号:TN015/141=2
 
预约/预借
| 序号 | 登录号 | 条形码 | 馆藏地/架位号 | 状态 | 备注 |
| 1 | 1031305 | 210313052 | 第二样本阅览室/ [索取号:TN015/141=2] | 在馆 | |
| 2 | 1031306 | 210313061 | 密集书库-文学院/ [索取号:TN015/141=2] | 在馆 | |
| 3 | 1031307 | 210313070 | 第三借阅区/ [索取号:TN015/141=2] | 在馆 | |
| 4 | 1031308 | 210313089 | 第三借阅区/ [索取号:TN015/141=2] | 在馆 | |
| 5 | 1031309 | 210313098 | 第三借阅区/ [索取号:TN015/141=2] | 在馆 |